Statistics for Non-Sovereign Lands

Click here to take the quiz!

General Stats

  • This quiz has been taken 27 times
    (8 since last reset)
  • The average score is 11 of 24

Answer Stats

HintAnswer% Correct
Ironically, almost 90% of its landmass is covered in iceGreenland
88%
Magic Overpriced KingdomDisneyland
75%
Now goes by EswatiniSwaziland
75%
Islands claimed by both UK and ArgentinaFalkland Islands
63%
Hopefully Brexit won't make Troubles hereNorthern Ireland / Ireland
63%
Self-declared republic and autonomous region in SomaliaSomaliland and Putland
63%
Elvis has left the buildingGraceland
50%
Located in Finland, but only its Swedish name contains "land". Associated with reindeer and Christmas for some.Lappland
50%
The Wire was based in this U.S. state, in the city of BaltimoreMaryland
50%
Joined Canada in 1949, along with LabradorNewfoundland
50%
Many coastal towns have this name, but only the Oregon one has the world's largest independent bookstore.Portland
50%
Brisbane is the capital of this Australian state. Banana-bending is reputedly a major industry.Queensland
50%
Demilitarised under the 1919 Versailles TreatyRhineland
50%
Nearly due for another independence referendum, inspired by BrexitScotland
50%
City in New ZealandAuckland
38%
Bafflingly large island in Northern CanadaBaffin Island
38%
Has sovereign soccer/football clubsEngland
38%
The sauce doesn't come from here. But Dutch folks do.Holland
38%
Descendants of mutineers on the Bounty still live herePitcairn Islands
38%
Ponies!Shetland Islands
38%
Leif Erikson named this island, perhaps for grapes or berries he found thereVinland
38%
A peninsula in Northern Europe...that sticks outJutland
25%
Annexed by the Nazis after the 1938 Munich AgreementSudetenland
13%
Banksy theme parkDismaland
0%

Score Distribution

Percentile by Number Answered

Percent of People with Each Score

Your Score History

You have not taken this quiz since the last reset